000 01101nam a2200277Ia 4500
003 IN-BaIIA
008 211028s9999 xx 000 0 eng d
020 _a0-387-91103-0
040 _cIIA Library
080 _a082.2:52
_bIAU-S45
110 _aInternational Astronomical Union
111 _aInternational Astronomical Union Symposium
_n45th
_cLeningard, U.S.S.R.
_d1970 Aug. 7-11
_97178
245 4 _aThe Motion, evolution of orbits, and origin of comets
_bproceedings of the IAU symposium No.45, held in Leningard, USSR, August 4-11, 1970
_cedited by G. A. Chebotarev, E. I. Kazimirchak-Polanskaya and B. G. Marsdem
260 _aDordrecht
_bD. Reidel Publishing
_c1972
300 _axxiii, 521p.
490 _aIAU Symposium; no. 45
650 _aAstronomy and Astrophysics Thesaurus
650 _aComets
_9755
650 _aOrbital Motions
_97179
650 _aStellar Motion
_97180
700 _aChebotarev, G. A., ed.
_97181
700 _aKazimirchak-Polanskaya, E. I., ed.
_97182
700 _aMarsdem, B. G., ed.
_97183
710 _aInternational Astronomical Union
_97184
942 _cBK
999 _c4070
_d4070